Las fuentes primarias de la fe en Dios / (Registro nro. 140064)

Detalles MARC
000 -LEADER
campo de control de longitud fija 00640nam a2200205 4500
001 - NÚMERO DE CONTROL
campo de control 140064
003 - IDENTIFICADOR DE NÚMERO DE CONTROL
campo de control ES-MaACL
005 - FECHA Y HORA DE LA ÚLTIMA TRANSACCIÓN
campo de control 20230906200009.0
007 - CAMPO FIJO DE DESCRIPCIÓN FÍSICA--INFORMACIÓN GENERAL
campo de control de longitud fija t|
008 - DATOS DE LONGITUD FIJA--INFORMACIÓN GENERAL
campo de control de longitud fija 070214s1971 sp r ||||1| spa d
100 1# - ENTRADA PRINCIPAL--NOMBRE DE PERSONA
Nombre de persona Schmucker, Josef.
9 (RLIN) 104536
245 14 - MENCIÓN DEL TÍTULO
Título Las fuentes primarias de la fe en Dios /
Mención de responsabilidad, etc. Josef Schmucker ; [versión... de Daniel Ruiz Bueno].
260 ## - PUBLICACIÓN, DISTRIBUCIÓN, ETC.
Lugar de publicación, distribución, etc. Barcelona :
Nombre del editor, distribuidor, etc. Herder,
Fecha de publicación, distribución, etc. 1971.
300 ## - DESCRIPCIÓN FÍSICA
Extensión 260 p. ;
Dimensiones 22 cm.
490 1# - MENCIÓN DE SERIE
Mención de serie Qaestiones disputatae ;
Designación de volumen o secuencia 8
710 2# - ENTRADA AGREGADA--NOMBRE DE ENTIDAD CORPORATIVA
Nombre de entidad corporativa o nombre de jurisdicción como elemento de entrada Ruiz Bueno, Daniel.
9 (RLIN) 6471
830 0# - PUNTO DE ACCESO ADICIONAL DE SERIE-TÍTULO UNIFORME
Título uniforme Qaestiones disputatae ;
Designación de volumen o secuencia 8
9 (RLIN) 220290
852 ## - LOCALIZACIÓN
Ubicación ES-MaACL
Número de control de estantería C-44593
Sublocalización o colección R.78299
Existencias
Estatus retirado Estado de pérdida Estado de daño No para préstamo Biblioteca de origen Biblioteca actual Ubicación en estantería Fecha de adquisición Fuente de adquisición Total de préstamos Signatura topográfica completa Código de barras Visto por última vez Precio de reemplazo Tipo de ítem Koha
        Biblioteca del Ateneo de Madrid Biblioteca del Ateneo de Madrid Depósito 2 17/01/2008     C-44593 1145755 23/02/2023 23/02/2023 Libro impreso